| 000 | 00658cab a2200205 4500 | ||
|---|---|---|---|
| 001 | WB3129-44 | ||
| 008 | 090401t1995 xxu||||| |||| 00| 0 eng d | ||
| 035 | _a(Sirsi) u41052 | ||
| 041 | _aeng | ||
| 245 | _aRICS General Council debate | ||
| 260 | _c1995 | ||
| 350 | _a0 | ||
| 490 |
_aEstates Times _v(1259) 28 July 1995, 7(1) |
||
| 520 | _aHighlights the outcome v introduction length ratio devised to work out the success of papers presented at RICS General Council debates. | ||
| 650 | _aCHRISTOPHER JONAS | ||
| 650 | _aRICS GENERAL COUNCIL | ||
| 690 | _aMANAGEMENT-BUSINESS MANAGEMENT-PROFESSIONAL PRACTICE | ||
| 942 | _n0 | ||
| 948 | _c04/03/1997 | ||
| 999 |
_c26350 _d26350 |
||